• 首页
  • 本馆介绍
  • 公告通知
  • 最新文献
  • 馆藏检索
  • 电子资源
  • 读者导购
  • 参考咨询
  • 我的图书馆
  • 登录
  • 详细信息显示
  • 放入我的书架
  • 预约/预借图书
  • 作者相关作品
  • 分类相关作品
  • 丛书相关作品
  • 出版社相关作品

书目信息

  • 表格格式
  • 工作单格式
  • 卡片格式
题名:
台湾民宿之美
    
 
作者: 叶锦鸿 著
分册:  
出版信息: 广州   广东旅游出版社  2016
页数: 213页
开本: 23cm
丛书名:
单 册:
中图分类: F719.2
科图分类:
主题词: 旅馆--介绍--台湾
电子资源:
ISBN: 978-7-5570-0433-0
000 00835nam0 2200229 450
001 012001003219
005 20140926114740.0
010    @a978-7-5570-0433-0@dCNY45.00
100    @a20161213d2016 em y0chiy50 ea
101 0  @achi
102    @aCN@b440000
105    @aa z 000yy
106    @ar
200 1  @a台湾民宿之美@9tai wan min su zhi mei@f叶锦鸿著
210    @a广州@c广东旅游出版社@d2016
215    @a213页@c彩图@d23cm
330    @a本书推荐的50家台湾民宿,每一家民宿都有属于自己的故事。旅游作家叶锦鸿先生走过台湾的千山万水,记录岛屿上独具韵味的民宿,从建筑外观、室内设计到待客之道,民宿主人从经营美好生活、分享台湾之美的理念出发,打造舒适空间服务四方旅人。
606 0  @a旅馆@x介绍@y台湾
690    @aF719.2@v5
701  0 @a叶锦鸿@9ye jin hong@4著
801  0 @aCN@b上海新华@c20180901
905    @b1159237-41@dF719.2@e1061@f5
    
    台湾民宿之美/叶锦鸿著.-广州:广东旅游出版社,2016
    213页:彩图;23cm
    
    
    ISBN 978-7-5570-0433-0:CNY45.00
    本书推荐的50家台湾民宿,每一家民宿都有属于自己的故事。旅游作家叶锦鸿先生走过台湾的千山万水,记录岛屿上独具韵味的民宿,从建筑外观、室内设计到待客之道,民宿主人从经营美好生活、分享台湾之美的理念出发,打造舒适空间服务四方旅人。
●
相关链接 在E读中查询图书 在五车中查询图书 在当当中查询图书 在豆瓣中查询图书


正题名:台湾民宿之美     索取号:F719.2/1061         预约/预借

序号 登录号 条形码 馆藏地/架位号 状态 备注
1 1159237   211592374   第一样本阅览室/ [索取号:F719.2/1061] 在馆    
2 1159238   211592383   密集书库-海洋学院/ [索取号:F719.2/1061] 在馆    
3 1159239   211592392   第一借阅区/ [索取号:F719.2/1061] 在馆    
4 1159240   211592409   第一借阅区/ [索取号:F719.2/1061] 在馆    
5 1159241   211592418   第一借阅区/ [索取号:F719.2/1061] 在馆    
唐山师范学院图书馆 欢迎您!
大连网信软件有限公司© 版权所有